<?xml version="1.0" encoding="UTF-8"?>
<record
    xmlns:xsi="http://www.w3.org/2001/XMLSchema-instance"
    xsi:schemaLocation="http://www.loc.gov/MARC21/slim http://www.loc.gov/standards/marcxml/schema/MARC21slim.xsd"
    xmlns="http://www.loc.gov/MARC21/slim">

  <leader>01918nam a2200349 i 4500</leader>
  <controlfield tag="001">nkc20253709964</controlfield>
  <controlfield tag="003">CZ PrSKC</controlfield>
  <controlfield tag="005">20260429105440.0</controlfield>
  <controlfield tag="007">ta</controlfield>
  <controlfield tag="008">250930s2024    xr a   b      000 j cze  </controlfield>
  <datafield tag="020" ind1=" " ind2=" ">
    <subfield code="a">9788090927834</subfield>
    <subfield code="c">K&#x10D; 469,00</subfield>
  </datafield>
  <datafield tag="040" ind1=" " ind2=" ">
    <subfield code="a">ABG001</subfield>
    <subfield code="b">cze</subfield>
    <subfield code="d">OLA001</subfield>
    <subfield code="e">rda</subfield>
  </datafield>
  <datafield tag="072" ind1=" " ind2="7">
    <subfield code="a">821.162.3-3</subfield>
    <subfield code="x">&#x10C;esk&#xE1; pr&#xF3;za</subfield>
    <subfield code="2">Konspekt</subfield>
  </datafield>
  <datafield tag="072" ind1=" " ind2="7">
    <subfield code="a">821-93</subfield>
    <subfield code="x">Literatura pro d&#x11B;ti a ml&#xE1;de&#x17E; (beletrie)</subfield>
    <subfield code="2">Konspekt</subfield>
  </datafield>
  <datafield tag="080" ind1=" " ind2=" ">
    <subfield code="a">821.162.3-32</subfield>
    <subfield code="2">MRF</subfield>
  </datafield>
  <datafield tag="080" ind1=" " ind2=" ">
    <subfield code="a">821-93</subfield>
    <subfield code="2">MRF</subfield>
  </datafield>
  <datafield tag="080" ind1=" " ind2=" ">
    <subfield code="a">(0:82-32)</subfield>
    <subfield code="2">MRF</subfield>
  </datafield>
  <datafield tag="100" ind1="1" ind2=" ">
    <subfield code="a">Tk&#xE1;&#x10D;, Jan,</subfield>
    <subfield code="d">1973-</subfield>
    <subfield code="4">aut</subfield>
    <subfield code="9">20732</subfield>
  </datafield>
  <datafield tag="245" ind1="1" ind2="0">
    <subfield code="a">Ne&#x10D;ekan&#xE9; dobrodru&#x17E;stv&#xED; draka Il&#xED;ka </subfield>
    <subfield code="p">/Kroniky beskydsk&#xFD;ch drak&#x16F;.</subfield>
    <subfield code="c">Jan Tk&#xE1;&#x10D;</subfield>
  </datafield>
  <datafield tag="246" ind1="3" ind2="0">
    <subfield code="a">Ne&#x10D;ekan&#xE9; dobrodru&#x17E;stv&#xED; draka Il&#xED;ka</subfield>
  </datafield>
  <datafield tag="250" ind1=" " ind2=" ">
    <subfield code="a">Druh&#xE9; vyd&#xE1;n&#xED;</subfield>
  </datafield>
  <datafield tag="264" ind1=" " ind2="1">
    <subfield code="a">Ostrava :</subfield>
    <subfield code="b">Tajemn&#xE9; Beskydy,</subfield>
    <subfield code="c">2024</subfield>
  </datafield>
  <datafield tag="300" ind1=" " ind2=" ">
    <subfield code="a">254 stran :</subfield>
    <subfield code="b">barevn&#xE9; ilustrace ;</subfield>
    <subfield code="c">22 cm</subfield>
  </datafield>
  <datafield tag="500" ind1=" " ind2=" ">
    <subfield code="a">Obsahuje QR k&#xF3;dy s p&#x159;&#xED;stupem k roz&#x161;i&#x159;uj&#xED;c&#xED;m materi&#xE1;l&#x16F;m</subfield>
  </datafield>
  <datafield tag="520" ind1="2" ind2=" ">
    <subfield code="a">Dobrodru&#x17E;stv&#xED; dr&#xE1;&#x10D;ka Il&#xED;ka odehr&#xE1;vaj&#xED;c&#xED; se v kulis&#xE1;ch beskydsk&#xE9; krajiny.</subfield>
    <subfield code="b">Il&#xED;k je mal&#xFD; jablunkovsk&#xFD; drak. Se svou partou Dra&#x10D;&#xED; tajfun se sna&#x17E;&#xED; odhalit tajemstv&#xED; magick&#xFD;ch roh&#x16F;, ale v&#x161;echno se ne&#x10D;ekan&#x11B; zamot&#xE1; a Il&#xED;k je vr&#x17E;en do je&#x161;t&#x11B; v&#x11B;t&#x161;&#xED;ho dobrodru&#x17E;stv&#xED;, ne&#x17E; si v&#x16F;bec dok&#xE1;zal p&#x159;edstavit. N&#xE1;&#x161; mal&#xFD; drak se ocit&#xE1; ztracen v Beskydech, daleko od domova. P&#x159;i hled&#xE1;n&#xED; cesty zp&#x11B;t za&#x17E;&#xED;v&#xE1; dobrodru&#x17E;stv&#xED;, potk&#xE1;v&#xE1; nov&#xE9; p&#x159;&#xE1;tele i &#x10D;el&#xED; nebezpe&#x10D;&#xED;m. Postupn&#x11B; odkr&#xFD;v&#xE1; z&#xE1;hadnou minulost sv&#xE9;ho dra&#x10D;&#xED;ho rodu a jeho d&#xE1;vn&#xE9;ho nep&#x159;&#xED;tele. Il&#xED;k mus&#xED; sebrat odvahu a p&#x159;ekonat s&#xE1;m sebe, aby ochr&#xE1;nil nejen svou dra&#x10D;&#xED; osadu, ale mo&#x17E;n&#xE1; i cel&#xE9; Beskydy p&#x159;ed hrozbami, kter&#xE9; se vyno&#x159;uj&#xED; z temnot. Nakladatelsk&#xE1; anotace. Kr&#xE1;ceno.</subfield>
  </datafield>
  <datafield tag="655" ind1=" " ind2="7">
    <subfield code="a">&#x10D;esk&#xE9; p&#x159;&#xED;b&#x11B;hy</subfield>
  </datafield>
  <datafield tag="655" ind1=" " ind2="7">
    <subfield code="a">publikace pro d&#x11B;ti</subfield>
  </datafield>
  <datafield tag="655" ind1=" " ind2="9">
    <subfield code="a">Czech stories</subfield>
  </datafield>
  <datafield tag="655" ind1=" " ind2="9">
    <subfield code="a">children's literature</subfield>
  </datafield>
  <datafield tag="910" ind1=" " ind2=" ">
    <subfield code="a">ABG508</subfield>
  </datafield>
  <datafield tag="952" ind1=" " ind2=" ">
    <subfield code="1">0</subfield>
    <subfield code="2">udc</subfield>
    <subfield code="4">0</subfield>
    <subfield code="0"></subfield>
  </datafield>
  <datafield tag="999" ind1=" " ind2=" ">
    <subfield code="c">34237</subfield>
    <subfield code="d">34237</subfield>
  </datafield>
</record>
